000 00644nam a2200241Ia 4500
003 OSt
005 20221005073256.0
006 a|||||r|||| 00| 0
007 ta
008 221004b |||||||| |||| 00| 0 eng d
024 _a101590
037 _cTextual
040 _aCRL
_cCRL
_beng
041 _2eng
_aeng
082 _aO111,IN67x, N8
100 _aParttnaik Purabi
_9607892
245 0 _aSearch for silence
260 _aNew Delhi
_bHar Anand publication India
_c1998
300 _a67p.
_ccm.
650 _aENGLISH LITERATURE
942 _hO111,IN67x, N8
_cTEXL
_2cc
999 _c980888
_d980888